The magic school bus and the missing tooth / (Record no. 3878)

MARC details
000 -LEADER
fixed length control field 01066cam a22003137a 4500
001 - CONTROL NUMBER
control field 3878
003 - CONTROL NUMBER IDENTIFIER
control field FISKH
005 - DATE AND TIME OF LATEST TRANSACTION
control field 20241210084927.0
008 - FIXED-LENGTH DATA ELEMENTS--GENERAL INFORMATION
fixed length control field 060623s2006 nyu 000 0 eng
010 ## - LIBRARY OF CONGRESS CONTROL NUMBER
LC control number 2006278566
020 ## - INTERNATIONAL STANDARD BOOK NUMBER
International Standard Book Number 0439801079
020 ## - INTERNATIONAL STANDARD BOOK NUMBER
International Standard Book Number 9780439801072
040 ## - CATALOGING SOURCE
Original cataloging agency DLC
Transcribing agency DLC
Modifying agency DLC
Language of cataloging eng
050 00 - LIBRARY OF CONGRESS CALL NUMBER
Classification number MLCM 2006/04992 (Q)
082 ## - DEWEY DECIMAL CLASSIFICATION NUMBER
Classification number 611.314
100 1# - MAIN ENTRY--PERSONAL NAME
Personal name Lane, Jeanette.
245 14 - TITLE STATEMENT
Title The magic school bus and the missing tooth /
Statement of responsibility, etc. [written by Jeanette Lane ; illustrated by Carolyn Bracken
260 ## - PUBLICATION, DISTRIBUTION, ETC.
Place of publication, distribution, etc. New York, NY :
Name of publisher, distributor, etc. Scholastic,
Date of publication, distribution, etc. 2006.
300 ## - PHYSICAL DESCRIPTION
Extent 32 unnumbered pages :
Other physical details color illustrations ;
Dimensions 23 cm
490 0# - SERIES STATEMENT
Series statement Scholastic reader.
Volume/sequential designation Level 2
505 ## - FORMATTED CONTENTS NOTE
Formatted contents note J<br/>
520 ## - SUMMARY, ETC.
Summary, etc. When Ms. Frizzle takes her class on the magic bus, it transports them into Maria's mouth to teach them about teeth.
521 8# - TARGET AUDIENCE NOTE
Target audience note 460 <br/>
Source Lexile <br/>
521 8# - TARGET AUDIENCE NOTE
Target audience note J<br/>
Source Raz-Plus <br/>
650 ## - SUBJECT ADDED ENTRY--TOPICAL TERM
Topical term or geographic name entry element Dental Health
General subdivision human body
700 ## - ADDED ENTRY--PERSONAL NAME
Personal name Bracken, Carolyn
Relator term Illustrator
906 ## - LOCAL DATA ELEMENT F, LDF (RLIN)
a 7
b cbc
c orignew
d 2
e ncip
f 20
g y-gencatlg
942 ## - ADDED ENTRY ELEMENTS (KOHA)
Source of classification or shelving scheme Dewey Decimal Classification
Koha item type Books
Suppress in OPAC No
Holdings
Withdrawn status Lost status Source of classification or shelving scheme Damaged status Not for loan Collection Home library Current library Shelving location Date acquired Total Checkouts Full call number Barcode Date last seen Price effective from Koha item type Copy number
    Dewey Decimal Classification     Non-Fiction Footprints International School Library Network Toul Kork Campus Footprints International School Library Network Toul Kork Campus TK Primary Library Room(4th Floor), Bookcase 1&2, Shelves 1-16, Dark Blue Books 05/20/2024   LAN 611.314 QP88.L36 FISBK02731 05/20/2024 05/20/2024 Books  
    Dewey Decimal Classification     Non-Fiction Footprints International School Library Network Toul Kork Campus Footprints International School Library Network Toul Kork Campus TK Primary Library Room(4th Floor), Bookcase 1&2, Shelves 1-16, Dark Blue Books 12/06/2024   LAN 611.314 QP88.L36 2024-2415 12/06/2024 12/06/2024 Books 2
    Dewey Decimal Classification     Non-Fiction Footprints International School Library Network Toul Kork Campus Footprints International School Library Network Toul Kork Campus TK Primary Library Room(4th Floor), Bookcase 1&2, Shelves 1-16, Dark Blue Books 12/10/2024   LAN 611.314 QP88.L36 2024-2427 12/10/2024 12/10/2024 Books 3